书目信息 |
| 题名: |
南北实用菜谱精选
|
|
| 作者: | 郭玉华 , 张亚琴 主编 | |
| 分册: | ||
| 出版信息: | 北京 农村读物出版社 1999.06 |
|
| 页数: | 90页 | |
| 开本: | 19cm | |
| 丛书名: | ||
| 单 册: | ||
| 中图分类: | TS972.1 | |
| 科图分类: | 85.931 | |
| 主题词: | 菜谱--中国 | |
| 电子资源: | ||
| ISBN: | 7-5048-3007-0 | |
| 000 | 00713nam0 2200241 45 | |
| 001 | 0199071635 | |
| 005 | 20070602094418.61 | |
| 010 | @a7-5048-3007-0@dCNY9.50 | |
| 100 | @a19991121d1999 em y0chiy0121 ea | |
| 101 | 0 | @achi |
| 102 | @aCN@b110000 | |
| 105 | @af z 000yd | |
| 200 | 1 | @a南北实用菜谱精选@ANan Bei Shi Yong Cai Pu Jing Xuan@f郭玉华,张亚琴主编@FGuo Yu Hua, Zhang Ya Qin Zhu Bian |
| 210 | @a北京@c农村读物出版社@d1999.06 | |
| 215 | @a90页@c彩图@d19cm | |
| 606 | @a菜谱@y中国 | |
| 690 | @aTS972.1@v4 | |
| 692 | @a85.931@v2 | |
| 701 | 0 | @a郭玉华@AGuo Yu Hua@4主编 |
| 701 | 0 | @a张亚琴@AZhang Ya Qin@4主编 |
| 801 | 0 | @aCN@bNLC@c20070602 |
| 905 | @aBZT@dTS972.1@e271 | |
| 906 | @dCNY9.50@n0@r1 | |
| 南北实用菜谱精选/郭玉华,张亚琴主编.-北京:农村读物出版社,1999.06 |
| 90页:彩图;19cm |
| ISBN 7-5048-3007-0:CNY9.50 |
| ● |
| 相关链接 |
|
|
|
正题名:南北实用菜谱精选
索取号:TS972.1/271
 
预约/预借
| 序号 | 登录号 | 条形码 | 馆藏地/架位号 | 状态 | 备注 |
| 1 | 537524 | 230144057 | 中心书库中库/ 中库024架A面2列3层46/ [索取号:TS972.1/271] | 在馆 | |
| 2 | 537525 | 230144056 | 中心书库中库/ 中库024架A面2列3层51/ [索取号:TS972.1/271] | 在馆 | |
| 3 | 537526 | 230144055 | 中心书库中库/ 中库024架A面2列3层36/ [索取号:TS972.1/271] | 在馆 | |
| 4 | 537527 | 230144054 | 中心书库中库/ 中库024架A面2列3层50/ [索取号:TS972.1/271] | 在馆 | |
| 5 | 537528 | 230144053 | 中心书库中库/ 中库024架A面2列3层34/ [索取号:TS972.1/271] | 在馆 | |
| 6 | 537529 | 230144052 | 中心书库中库/ 中库024架A面2列3层33/ [索取号:TS972.1/271] | 在馆 | |
| 7 | 537530 | 230144051 | 中心书库中库/ 中库024架A面2列3层32/ [索取号:TS972.1/271] | 在馆 | |
| 8 | 537531 | 230144050 | 中心书库中库/ 中库024架A面2列3层35/ [索取号:TS972.1/271] | 在馆 | |
| 9 | 537532 | 230144049 | 中心书库中库/ 中库024架A面2列3层37/ [索取号:TS972.1/271] | 在馆 | |
| 10 | 537533 | 230144048 | 中心书库中库/ 中库024架A面2列3层40/ [索取号:TS972.1/271] | 在馆 |